000 00326nam a2200133Ia 4500
005 20260328101510.0
008 260328s9999||||xx |||||||||||||| ||und||
100 _aLe Corbusier
245 4 _aThe Home of a man /
_cLe Corbusier
260 _bThe Architectural Press
300 _a156 p.
650 _aCorbusier, Le
942 _cBK
999 _c9167
_d9167